Metody tvorby cen v obchodě mezi zeměmi RVHP a ostatními socialistickými zeměmi
Salvato in:
| Autore principale: | |
|---|---|
| Natura: | Libro |
| Lingua: | ceco |
| Pubblicazione: |
Praha
Československá obchodní a průmyslová komora
1988
|
| Tags: |
Nessun Tag, puoi essere il primo ad aggiungerne!!
|
MARC
| LEADER | 00000nam a2200000 4500 | ||
|---|---|---|---|
| 001 | c038933 | ||
| 005 | 20250515081328.0 | ||
| 041 | 0 | |a cze | |
| 044 | |a CZ | ||
| 245 | 1 | 0 | |a Metody tvorby cen v obchodě mezi zeměmi RVHP a ostatními socialistickými zeměmi |c Antonín Blažek |
| 264 | 1 | |a Praha |b Československá obchodní a průmyslová komora |c 1988 | |
| 300 | |a 153 s. | ||
| 100 | 1 | |a Blažek, Antonín | |